00950cam a2200289 i 45000010008000000030004000080050017000120080041000290100031000700200022001010400018001230430012001410820016001531100011001692400031001802450072002112500012002832600040002953000064003355000020003996500027004197000047004469060045004939420012005389990015005509520095005651824097OSt20230629141651.0791004s1979 ii cf 001 0 eng  a 79901799 z 79124842  cRs120.00 per set. aDLCcDLCdDLC aa-ii---00a343.04bROW1 aIndia.10aLand Acquisition Act, 189404aThe law of land acquisition and compensation /cV. G. Ramachandran. a6th ed. aLucknow :bEastern Book Co.,c1979. a2 v. (xxiv, 1883 p., [1] leaf of plates) :bport. ;c25 cm. aIncludes index. 0aEminent domainzIndia.1 aRamachandran, V. G.q(Velandai Gopalayyar) a7bcbccorignewd3encipf19gy-gencatlg 2ddccBK c3106d3106 00102ddc4070a002b002d2023-06-29l0o343.04 ROWp10002139r2023-06-29w2023-06-29yBK